ဓမ္မ ၊ (Record no. 41000)

000 -LEADER
fixed length control field 01091nam a22002057a 4500
005 - DATE AND TIME OF LATEST TRANSACTION
control field 20241101102641.0
008 - FIXED-LENGTH DATA ELEMENTS--GENERAL INFORMATION
fixed length control field 230725b ||||| |||| 00| 0 eng d
040 ## - CATALOGING SOURCE
Transcribing agency SSBUL
Modifying agency SSBUL
082 ## - DEWEY DECIMAL CLASSIFICATION NUMBER
Edition number ၂၃
Classification number ၂၉၄.၃၄၄၃၅ ဂို
Item number ၁၃၁၂၄ S-SAT
100 1# - MAIN ENTRY--PERSONAL NAME
Personal name ဂိုအင်ကာ၊ အက်စ် အင်။
9 (RLIN) 28371
245 10 - TITLE STATEMENT
Title ဓမ္မ ၊
Remainder of title ဘဝတစ်လျှောက်နေသွားနည်း အတတ်ပညာ /
Statement of responsibility, etc. အက်စ်အင် ဂိုအင်ကာ၊ မြန်မာပြန်သူ ပါရဂူ။
260 ## - PUBLICATION, DISTRIBUTION, ETC.
Place of publication, distribution, etc. ရန်ကုန်၊
Name of publisher, distributor, etc. ရွှေပြည်စိုးပုံနှိပ်တိုက်၊
Date of publication, distribution, etc. ၁၉၈၀။
300 ## - PHYSICAL DESCRIPTION
Extent ၃၆၃ စာမျက်နှာ၊
Dimensions ၁၈ စင်တီ။
500 ## - GENERAL NOTE
General note S-SAT: Dr. Sai Aung Tun
650 ## - SUBJECT ADDED ENTRY--TOPICAL TERM
Topical term or geographic name entry element ဗုဒ္ဓတရားတော်
Topical term or geographic name entry element ဗုဒ္ဓဘာသာ
General subdivision ကျင့်စဉ်။
9 (RLIN) 15210
Topical term or geographic name entry element ဝိပဿနာ။
700 ## - ADDED ENTRY--PERSONAL NAME
Personal name ပါရဂူ
Relator term ဘာသာပြန်သူ
942 ## - ADDED ENTRY ELEMENTS (KOHA)
Source of classification or shelving scheme
Koha item type Book (Short term)
Holdings
Withdrawn status Lost status Source of classification or shelving scheme Damaged status Not for loan Collection code Permanent Location Current Location Shelving location Date acquired Total Checkouts Full call number Barcode Date last seen Price effective from Koha item type Accession
          Special Collections Shan State Buddhist University Library Shan State Buddhist University Library Special Collection Shelves 01/11/2024   ၂၉၄.၃၄၄၃၅ ဂို ၁၃၁၂၄ S-SAT MB00013124 01/11/2024 01/11/2024 Book (Short term) ၁၃၁၂၄ S-SAT

Library - 09407999929
Admin Office - 09407999979
Dean Office - 09250910768
Registrar Office - 09892297154
Email - [email protected]
Shan State Buddhist University, Phaya Phyu Taunggyi, Shan State, Myanmar.